|
|
|
|
| LEADER |
01247cam a2200349Ia 4500 |
| 001 |
9780203978375 |
| 003 |
FlBoTFG |
| 005 |
20091230162920.0 |
| 006 |
a|||||s||||||||||| |
| 007 |
cr|||| |
| 008 |
981021s1999 enka sb 001 0 eng d |
| 020 |
|
|
|a 9780203978375 (e-book : PDF)
|
| 040 |
|
|
|a FlBoTFG
|c FlBoTFG
|d GrThAP
|
| 043 |
|
|
|a a-iq---
|
| 090 |
|
|
|a DS71
|b .V35 1999
|
| 092 |
|
|
|a 935
|b V226
|
| 100 |
1 |
|
|a Van de Mieroop, Marc.
|
| 245 |
1 |
0 |
|a Cuneiform texts and the writing of history
|h [electronic resource] /
|c Marc Van de Mieroop.
|
| 260 |
|
|
|a London ;
|a New York :
|b Routledge,
|c 1999.
|
| 300 |
|
|
|a vi, 196 p. :
|b ill.
|
| 490 |
1 |
|
|a Approaching the ancient world
|
| 504 |
|
|
|a Includes bibliographical references (p. [176]-193) and index.
|
| 530 |
|
|
|a Also available in print edition.
|b CRC Press (http://www.crcpress.com)
|
| 538 |
|
|
|a Mode of access: World Wide Web.
|
| 650 |
|
0 |
|a Cuneiform tablets.
|
| 650 |
|
0 |
|a Cuneiform inscriptions.
|
| 651 |
|
0 |
|a Iraq
|x History
|y To 634
|v Sources.
|
| 651 |
|
0 |
|a Iraq
|x History
|y To 634
|x Historiography.
|
| 655 |
|
7 |
|a Electronic books.
|2 lcsh
|
| 776 |
1 |
|
|z 9780415195331
|
| 830 |
|
0 |
|a Approaching the ancient world.
|
| 856 |
4 |
0 |
|u http://www.tandfebooks.com/isbn/9780203978375
|z Full Text via HEAL-Link
|